| 000 | 00587nam a2200217Ia 4500 | ||
|---|---|---|---|
| 008 | 200601s9999 xx 000 0 und d | ||
| 020 | _a978-971-27-3516-5 | ||
| 050 | _aFIL BF 637.S4 | ||
| 050 | _b.D9 2019 | ||
| 100 | _aDy, Nelson T. | ||
| 245 | 0 | _aIs this all there is? : | |
| 245 | 0 | _bwhy purpose is a journey and not a destination / | |
| 245 | 0 | _cNelson T. Dy. | |
| 260 | _aMandaluyong City : | ||
| 260 | _bAnvil Publishing, | ||
| 260 | _c2019 | ||
| 300 | _a208 pages : | ||
| 300 | _c18 cm. | ||
| 650 | _aSelf actualization (Psychology). | ||
| 650 | _xConduct of life. | ||
| 999 |
_c363168 _d363168 |
||